|
|
|
|
| LEADER |
00000cam a2200000 4500 |
| 001 |
vtls012273011 |
| 003 |
SK-MaSNL |
| 005 |
20260426003958.0 |
| 008 |
250311s2024 xo frn 000 0 slo |
| 015 |
|
|
|a SNBA2025/7
|
| 020 |
|
|
|a 9788022421027
|q (brožované)
|
| 040 |
|
|
|a SNK
|b slo
|c SNK
|e rda
|
| 041 |
0 |
|
|a slo
|
| 043 |
|
|
|a e-xo---
|
| 044 |
|
|
|a xo
|c SK
|
| 072 |
|
7 |
|a 347.9
|x Občianske súdne konanie. Súdnictvo
|2 konspekt
|
| 072 |
|
7 |
|a 81
|x Lingvistika. Jazyky
|2 konspekt
|
| 080 |
|
|
|a 347.951
|2 2011
|
| 080 |
|
|
|a 81`42`373.46:34
|2 2001
|
| 080 |
|
|
|a 81`322.2
|2 2011
|
| 080 |
|
|
|a 81`324
|2 2011
|
| 080 |
|
|
|a 81'42
|2 2011
|
| 080 |
|
|
|a (437.6)
|2 2011
|
| 080 |
|
|
|a (048.8)
|2 2011
|
| 100 |
1 |
|
|a Zumrík, Miroslav,
|d 1981-
|4 aut
|9 180056
|
| 245 |
1 |
0 |
|a Jazyk slovenských súdnych rozhodnutí
|c Miroslav Zumrík
|
| 264 |
|
1 |
|a Bratislava
|b VEDA, vydavateľstvo Slovenskej akadémie vied
|c 2024
|
| 300 |
|
|
|a 302 strán
|c 24 cm
|
| 336 |
|
|
|a text
|b txt
|2 rdacontent
|
| 337 |
|
|
|a bez média
|b n
|2 rdamedia
|
| 338 |
|
|
|a zväzok
|b nc
|2 rdacarrier
|
| 500 |
|
|
|a Vydané pre: Jazykovedný ústav Ľudovíta Štúra Slovenskej akadémie vied, v.v.i.
|
| 500 |
|
|
|a Obsahuje poznámky pod čiarou
|
| 504 |
|
|
|a Obsahuje bibliografiu, bibliografické odkazy
|
| 650 |
0 |
7 |
|a súdne rozhodnutia a stanoviská
|2 SNKPH
|9 4638
|
| 650 |
0 |
7 |
|a právne texty
|2 SNKPH
|9 106085
|
| 650 |
0 |
7 |
|a korpusová lingvistika
|2 SNKPH
|9 17685
|
| 650 |
0 |
7 |
|a kvantitatívna lingvistika
|2 SNKPH
|9 68280
|
| 650 |
0 |
7 |
|a jazyková analýza
|2 SNKPH
|9 4011
|
| 650 |
0 |
7 |
|a Judgments
|2 SNKPHeng
|9 274954
|
| 650 |
0 |
7 |
|a Legal texts
|2 SNKPHeng
|9 422350
|
| 650 |
0 |
7 |
|a Corpus linguistics
|2 SNKPHeng
|9 329843
|
| 650 |
0 |
7 |
|a Quantitative linguistics
|2 SNKPHeng
|9 625260
|
| 650 |
0 |
7 |
|a Linguistic analysis
|2 SNKPHeng
|9 270824
|
| 651 |
|
7 |
|a Slovensko
|2 SNKPHgeo
|9 14231
|
| 651 |
|
7 |
|a Slovakia
|2 SNKPHeng
|9 92630
|
| 655 |
|
7 |
|a monografie
|2 SNKPH
|9 70139
|
| 655 |
|
7 |
|a Monographs
|2 SNKPHeng
|9 120675
|
| 700 |
1 |
|
|a Slančová, Daniela,
|d 1953-
|4 rev
|9 99585
|
| 700 |
1 |
|
|a Imrichová, Mária,
|d 1964-
|4 rev
|9 232463
|
| 700 |
1 |
|
|a Majerčíková, Michaela
|4 bjd
|9 500988
|
| 700 |
1 |
|
|a Radik, Vladimír
|4 bkd
|9 68579
|
| 710 |
2 |
|
|a Slovenská akadémia vied.
|b Jazykovedný ústav Ľudovíta Štúra
|4 pbl
|9 54860
|
| 852 |
|
|
|a Slovenská národná knižnica
|
| 919 |
|
|
|a 978-80-224-2102-7
|
| 954 |
|
|
|a odborná, vedecká literatúra pôvodná (slovenská)
|2 lita
|
| 958 |
|
|
|a NB
|
| 999 |
|
|
|c 960481
|d 962411
|
| 952 |
|
|
|a SNK
|b SNK
|c SNK_KF
|y PREZ
|7 6
|p 17A1567033
|o snkSC 210633
|i snk2025/8783
|8 0
|0 0
|1 0
|4 0
|d 2025-06-03
|l 0
|r 2026-02-24 10:17:22
|w 2026-02-24
|
| 952 |
|
|
|a SNK
|b SNK
|y VYP
|7 0
|p 17A1577659
|o snkSC 210633 D1
|i snk2025/19128
|8 3
|g 16.40
|0 0
|1 0
|4 0
|d 2025-11-26
|l 1
|r 2026-03-20 12:39:33
|s 2026-02-28
|w 2026-02-24
|